[Event "I Festival A"]
[Site "Cattolica ITA"]
[Date "2005.06.14"]
[Round "4"]
[White "Russo, Carmelo"]
[Black "Bonani, Georg"]
[Result "0-1"]
[WhiteElo "1763"]
[BlackElo "1897"]
[PlyCount "132"]
[EventDate "2005.06.11"]

1.Nf3 Nf6 2.g3 d6 3.Bg2 e5 4.d3 g6 5.b3 Bg7 6.Bb2 O-O 7.c4 Nc6 8.O-O Bg4 
9.h3 Bd7 10.Nbd2 Re8 11.Ng5 Rb8 12.Rc1 Qc8 13.Kh2 Qd8 14.a3 a5 15.Nge4 Nh5
16.Nf3 f5 17.Ned2 e4 18.Bxg7 exf3 19.Nxf3 Kxg7 20.Qd2 Qf6 21.d4 Rbd8 22.d5
Ne5 23.Qxa5 b6 24.Qa7 Rc8 25.a4 Qd8 26.Nd4 Ra8 27.Qb7 Rb8 28.Qa7 Qc8 29.
Ne6+ Rxe6 30.dxe6 Bc6 31.e7 Nf6 32.f4 Bxg2 33.fxe5 Bxf1 34.exd6 Rb7 35.
e8=Q Nxe8 36.d7 Qxd7 37.Qxb7 Bxe2 38.Qd5 Qxd5 39.cxd5 Bf3 40.d6 cxd6 41.
Rc8 Kf7 42.Rb8 d5 43.Rxb6 d4 44.Rb4 d3 45.Rd4 Be4 46.Kg1 Ke6 47.Kf2 Nc7 
48.b4 Nd5 49.a5 Kd6 50.Ke1 Kc6 51.Kd2 Kb5 52.h4 h5 53.a6 Kxa6 54.Rc4 Kb5 
55.Rc5+ Kxb4 56.Rc6 f4 57.gxf4 Nxf4 58.Rf6 Bf5 59.Rb6+ Kc5 60.Rb1 Kd4 61.
Rb4+ Ke5 62.Rb1 Ke4 63.Rg1 Kf3 64.Re1 Kg4 65.Rf1 Ng2 66.Rg1 Be4 0-1

[Event "I Festival A"]
[Site "Cattolica ITA"]
[Date "2005.06.14"]
[Round "4"]
[White "Sautto, Alessandra"]
[Black "Orsi, Lorenzo"]
[Result "1-0"]
[WhiteElo "1968"]
[BlackElo "1700"]
[PlyCount "33"]
[EventDate "2005.06.11"]

1.d4 Nf6 2.Nf3 c5 3.e3 b6 4.c4 Bb7 5.Nc3 g6 6.d5 d6 7.Bd3 Bg7 8.e4 O-O 9.
O-O Nbd7 10.h3 a6 11.a4 Re8 12.Be2 Nh5 13.Be3 Ne5 14.Nxe5 dxe5 15.Qd2 e6 
16.Rad1 Qh4 17.Bg5 1-0

[Event "I Festival A"]
[Site "Cattolica ITA"]
[Date "2005.06.14"]
[Round "4"]
[White "Sautto, Daniele"]
[Black "Isonzo, David"]
[Result "0-1"]
[WhiteElo "2119"]
[BlackElo "2325"]
[PlyCount "44"]
[EventDate "2005.06.11"]

1.e4 e5 2.Nf3 Nc6 3.Bb5 a6 4.Ba4 Nf6 5.O-O Be7 6.Re1 b5 7.Bb3 O-O 8.c3 d5 
9.exd5 Nxd5 10.Nxe5 Nxe5 11.Rxe5 c6 12.d4 Bd6 13.Re1 Qh4 14.g3 Qh3 15.Be3 
Bg4 16.Qd3 Rfe8 17.Nd2 Re6 18.a4 f5 19.Qf1 Qh5 20.f4 bxa4 21.Bxd5 cxd5 22.
Rxa4 Qe8 0-1

[Event "I Festival A"]
[Site "Cattolica ITA"]
[Date "2005.06.14"]
[Round "4"]
[White "Savarese, Vincenzo"]
[Black "Torrisi, Andrea"]
[Result "1-0"]
[WhiteElo "1730"]
[BlackElo "1611"]
[PlyCount "87"]
[EventDate "2005.06.11"]

1.e4 c5 2.Nf3 Nc6 3.c3 d5 4.exd5 Qxd5 5.d4 Nf6 6.Be2 cxd4 7.cxd4 Qa5+ 8.
Nc3 Bf5 9.O-O e6 10.Qb3 Qb4 11.Qd1 Rd8 12.a3 Qb6 13.Na4 Qc7 14.Bg5 Be7 15.
Rc1 Ne4 16.Bxe7 Qxe7 17.Nc3 Nxc3 18.Rxc3 O-O 19.Qa4 e5 20.dxe5 Nxe5 21.
Nxe5 Qxe5 22.Bf3 Bd3 23.Rfc1 Ba6 24.g3 Rd4 25.b4 Rd3 26.Rxd3 Bxd3 27.Qxa7 
Re8 28.Bxb7 Bf5 29.Qc5 Qb2 30.Qc3 Qe2 31.Bf3 Qe7 32.Qc5 Qe6 33.Qd5 Qh6 34.
Qc6 Qxc6 35.Rxc6 Bh3 36.Rc1 g6 37.a4 h5 38.b5 Rb8 39.Bc6 Bc8 40.Re1 Be6 
41.a5 Bc4 42.Re8+ Rxe8 43.Bxe8 Kf8 44.Bc6 1-0

[Event "I Festival A"]
[Site "Cattolica ITA"]
[Date "2005.06.14"]
[Round "4"]
[White "Schaefer, Michael"]
[Black "Manconi, Antonio"]
[Result "1-0"]
[WhiteElo "2202"]
[BlackElo "1972"]
[PlyCount "113"]
[EventDate "2005.06.11"]

1.d4 Nf6 2.c4 g6 3.Nc3 Bg7 4.Nf3 O-O 5.Bg5 h6 6.Bh4 d6 7.e3 Nbd7 8.Be2 c6 
9.O-O g5 10.Bg3 Nh5 11.b4 Nxg3 12.hxg3 e5 13.Qb3 f5 14.c5+ d5 15.dxe5 Nxe5
16.Rad1 Nxf3+ 17.Bxf3 Qf6 18.Rc1 Be6 19.Qb1 g4 20.Bd1 h5 21.Ne2 h4 22.Bb3 
hxg3 23.fxg3 Rae8 24.Qd3 Qe5 25.Nf4 Bf7 26.Rce1 d4 27.Ng6 Qxg3 28.Nxf8 
Rxf8 29.Rf2 f4 30.Ref1 Qxe3 31.Qxe3 dxe3 32.Rxf4 Bxb3 33.Rxf8+ Bxf8 34.
axb3 Bg7 35.Rf4 Bc3 36.Rxg4+ Kf7 37.Kf1 Kf6 38.Ke2 Kf5 39.Rh4 Bd2 40.Rh7 
Bxb4 41.Kxe3 Bxc5+ 42.Kf3 Ke5 43.Rxb7 Kd4 44.g4 a5 45.g5 Kc3 46.g6 Bd4 47.
Ke4 c5 48.Rd7 Bh8 49.Rd3+ Kb4 50.Kd5 Bg7 51.Rf3 Bb2 52.Rd3 Bh8 53.Rh3 Bb2 
54.Rh7 Bd4 55.Rb7+ Kc3 56.Rb5 Bf6 57.Kxc5 1-0

[Event "I Festival A"]
[Site "Cattolica ITA"]
[Date "2005.06.14"]
[Round "4"]
[White "Solaroli, Riccardo"]
[Black "De Zordi, Fabio"]
[Result "0-1"]
[WhiteElo "1963"]
[BlackElo "1733"]
[PlyCount "52"]
[EventDate "2005.06.11"]

1.e4 e6 2.d4 d5 3.Nc3 Bb4 4.a3 Bxc3+ 5.bxc3 Ne7 6.e5 c5 7.Nf3 Qa5 8.Qd2 
Nbc6 9.Rb1 b6 10.dxc5 Ba6 11.Bxa6 Qxa6 12.cxb6 axb6 13.Qd3 Ng6 14.O-O O-O 
15.Re1 Na5 16.Nd2 Rfc8 17.Qd4 Nc6 18.Qxb6 Ncxe5 19.Qxa6 Rxa6 20.c4 Nxc4 
21.Nxc4 dxc4 22.Rd1 Ra7 23.Rb4 h6 24.Rd4 c3 25.Rb3 Ne7 26.Rdb4 Rd7 0-1

[Event "I Festival A"]
[Site "Cattolica ITA"]
[Date "2005.06.14"]
[Round "4"]
[White "Straub, Peter"]
[Black "Garofalo, Sergio"]
[Result "1-0"]
[WhiteElo "2112"]
[BlackElo "1903"]
[PlyCount "27"]
[EventDate "2005.06.11"]

1.e4 e5 2.Nf3 Nc6 3.Bb5 g6 4.d4 exd4 5.Bg5 Be7 6.Bf4 g5 7.Bg3 b6 8.Nxd4 
Nxd4 9.Qxd4 Bf6 10.e5 Bg7 11.Nc3 Bb7 12.O-O-O Bc6 13.Bxc6 dxc6 14.Qe4 1-0

[Event "I Festival A"]
[Site "Cattolica ITA"]
[Date "2005.06.14"]
[Round "4"]
[White "Weinberg, Emanuele"]
[Black "Magalotti, Andrea"]
[Result "1/2-1/2"]
[WhiteElo "1926"]
[BlackElo "2169"]
[PlyCount "50"]
[EventDate "2005.06.11"]

1.d4 Nf6 2.c4 c5 3.d5 e6 4.Nc3 exd5 5.cxd5 d6 6.Nf3 g6 7.Nd2 Bg7 8.Nc4 O-O
9.Bf4 Ne8 10.e4 Na6 11.Be2 Nac7 12.a4 b6 13.O-O Ba6 14.Qd2 Bxc4 15.Bxc4 a6
16.Bh6 Qd7 17.Bxg7 Nxg7 18.Qd3 Rfb8 19.f4 Ra7 20.f5 b5 21.axb5 Nxb5 22.
Nxb5 axb5 23.Bxb5 Qb7 24.f6 Rxa1 25.Rxa1 Nh5 1/2-1/2

[Event "I Festival A"]
[Site "Cattolica ITA"]
[Date "2005.06.15"]
[Round "5"]
[White "Barlocco, Carlo"]
[Black "Pircher, Karl"]
[Result "1-0"]
[WhiteElo "2195"]
[BlackElo "2037"]
[PlyCount "53"]
[EventDate "2005.06.11"]

1.e4 e6 2.b3 d5 3.Bb2 Nf6 4.e5 Nfd7 5.Qg4 c5 6.f4 Nc6 7.Nc3 a6 8.Nf3 b5 9.
a3 Qe7 10.d4 cxd4 11.Ne2 Bb7 12.Nexd4 Rc8 13.Bd3 Nc5 14.f5 Nxd4 15.Nxd4 
Nxd3+ 16.cxd3 h5 17.Qg3 Qd7 18.fxe6 fxe6 19.O-O Rh6 20.Bc1 Bc5 21.Bxh6 
Bxd4+ 22.Be3 Bxe3+ 23.Qxe3 d4 24.Qg5 Rc2 25.Qxh5+ Kd8 26.Rf8+ Kc7 27.Rf7 
1-0

[Event "I Festival A"]
[Site "Cattolica ITA"]
[Date "2005.06.15"]
[Round "5"]
[White "Battistella, Stefano"]
[Black "Weinberg, Emanuele"]
[Result "1/2-1/2"]
[WhiteElo "2055"]
[BlackElo "1926"]
[PlyCount "62"]
[EventDate "2005.06.11"]

1.c4 g6 2.Nc3 Bg7 3.g3 c5 4.Bg2 Nf6 5.d3 d6 6.Rb1 Nc6 7.a3 O-O 8.e3 Bg4 9.
Nge2 Qd7 10.h3 Bxe2 11.Qxe2 Rab8 12.b4 cxb4 13.axb4 e6 14.b5 Ne7 15.O-O 
Rfc8 16.Na4 b6 17.Ba3 d5 18.Rfc1 Bf8 19.c5 bxc5 20.Nxc5 Qe8 21.d4 Nf5 22.
Bf1 Nd6 23.Na6 Rxc1 24.Rxc1 Rc8 25.Bc5 Nc4 26.Rxc4 dxc4 27.Qxc4 Ne4 28.Qb4
Nxc5 29.dxc5 Qe7 30.Bg2 Qg5 31.Qc4 Rxc5 1/2-1/2

[Event "I Festival A"]
[Site "Cattolica ITA"]
[Date "2005.06.15"]
[Round "5"]
[White "Bellincampi, Stefano"]
[Black "Rocchetti, Marco"]
[Result "1/2-1/2"]
[WhiteElo "2077"]
[BlackElo "1937"]
[PlyCount "126"]
[EventDate "2005.06.11"]

1.d4 d6 2.e4 g6 3.Nf3 Bg7 4.Bc4 c6 5.Bb3 Qa5+ 6.c3 Qh5 7.Nbd2 Bg4 8.Bxf7+ 
Kxf7 9.Qb3+ d5 10.Qxb7 dxe4 11.Nxe4 Bxf3 12.Ng5+ Kf6 13.Nxf3 Qb5 14.Qxa8 
Qb6 15.O-O e6 16.Bf4 Ne7 17.Be5+ Kf5 18.Bxg7 Rg8 19.g4+ Kxg4 20.Ne5+ Kf5 
21.Nc4 Qa6 22.Nd6+ Kg5 23.Qb7 Qxb7 24.Nxb7 Rxg7 25.Nc5 Rf7 26.Nxe6+ Kh4 
27.Rfe1 Nd5 28.Re4+ Kh5 29.Rae1 g5 30.a3 Nf6 31.Re5 h6 32.Nf4+ Kg4 33.Nd3 
Nbd7 34.Re7 Rf8 35.Ne5+ Nxe5 36.R7xe5 Nd5 37.Rxd5 cxd5 38.Kg2 Rf7 39.Re5 
Rd7 40.b4 Kf4 41.a4 h5 42.b5 h4 43.h3 g4 44.hxg4 Kxg4 45.f3+ Kf4 46.Rh5 
Ke3 47.Rxh4 Kd3 48.a5 Kxc3 49.b6 axb6 50.axb6 Kc4 51.Kf2 Rb7 52.Rh6 Kxd4 
53.Ke2 Kc5 54.Kd3 Rxb6 55.Rxb6 Kxb6 56.Kd4 Kc6 57.f4 Kd6 58.f5 Ke7 59.Kxd5
Kf6 60.Ke4 Kf7 61.Ke5 Kg7 62.f6+ Kf7 63.Kf5 Kf8 1/2-1/2

[Event "I Festival A"]
[Site "Cattolica ITA"]
[Date "2005.06.15"]
[Round "5"]
[White "Bonani, Georg"]
[Black "Popa, Claudiu"]
[Result "0-1"]
[WhiteElo "1897"]
[BlackElo "2186"]
[PlyCount "96"]
[EventDate "2005.06.11"]

1.e4 e5 2.f4 exf4 3.Bc4 d5 4.exd5 Qh4+ 5.Kf1 Bd6 6.Nf3 Qh6 7.Kf2 Ne7 8.Rf1
O-O 9.Kg1 g5 10.d4 Nd7 11.Qe2 Nf6 12.Nc3 Bg4 13.Qf2 Bxf3 14.Qxf3 Nf5 15.
Nb5 Nh4 16.Qd3 Rfe8 17.Nxd6 cxd6 18.g3 Ng6 19.gxf4 gxf4 20.Qf5 Qg7 21.Kh1 
Nh4 22.Qh3 f3 23.Rg1 Qg2+ 24.Rxg2+ fxg2+ 25.Qxg2+ Nxg2 26.Kxg2 Re1 27.b3 
Rc8 28.Bb2 Rxa1 29.Bxa1 b5 30.Bd3 Nxd5 31.Kf3 Nb4 32.Bf5 Rc7 33.c3 Nxa2 
34.Ke4 Nxc3+ 35.Kd3 Nd5 36.Ke4 Ne7 37.Bg4 f5+ 38.Bxf5 Nxf5 39.Kxf5 d5 40.
Ke6 b4 41.Kxd5 Rc1 42.Bb2 Rc2 43.Ba1 Ra2 44.Kc5 Rxa1 45.Kxb4 Rc1 46.Kb5 
Kf7 47.b4 Ke6 48.Ka6 Ra1+ 0-1

[Event "I Festival A"]
[Site "Cattolica ITA"]
[Date "2005.06.15"]
[Round "5"]
[White "Cerasi, Umberto"]
[Black "Frilli, Guido"]
[Result "0-1"]
[WhiteElo "2002"]
[BlackElo "2117"]
[PlyCount "108"]
[EventDate "2005.06.11"]

1.e4 c5 2.Nf3 Nc6 3.d4 cxd4 4.Nxd4 Nf6 5.Nc3 e5 6.Ndb5 d6 7.Bg5 a6 8.Na3 
b5 9.Nd5 Be7 10.Bxf6 Bxf6 11.c3 O-O 12.Nc2 Rb8 13.Be2 Bg5 14.Bg4 Be6 15.
O-O Qd7 16.Nde3 g6 17.Bxe6 fxe6 18.a3 Na5 19.Qe2 Nb3 20.Rad1 Nc5 21.f3 a5 
22.Kh1 Qc6 23.Ng4 Na4 24.Rb1 Rbe8 25.Rfd1 h5 26.Nge3 Nb6 27.Qd3 Rd8 28.Re1
Kh7 29.Nd1 Nc4 30.Nde3 d5 31.Nf1 Rf4 32.exd5 exd5 33.b3 e4 34.fxe4 dxe4 
35.Qg3 Rg4 36.Qf2 Ne5 37.Nd4 Qd7 38.Ne3 Nd3 39.Qe2 Bxe3 40.Qxe3 Nxe1 41.
Rxe1 b4 42.axb4 axb4 43.h3 Rh4 44.Qg5 bxc3 45.Nf3 Rxh3+ 46.gxh3 Qxh3+ 47.
Nh2 Rd7 48.Qc5 Qd3 49.Rc1 e3 50.Qxc3 Qxc3 51.Rxc3 e2 52.Nf3 Rf7 53.Ng5+ 
Kg7 54.Ne6+ Kh6 0-1

[Event "I Festival A"]
[Site "Cattolica ITA"]
[Date "2005.06.15"]
[Round "5"]
[White "Dallaglio, Giovanni"]
[Black "Sautto, Daniele"]
[Result "0-1"]
[WhiteElo "2038"]
[BlackElo "2119"]
[PlyCount "58"]
[EventDate "2005.06.11"]

1.d4 Nf6 2.Nf3 e6 3.c4 b6 4.a3 Bb7 5.Nc3 d5 6.cxd5 Nxd5 7.Bd2 Be7 8.Qc2 
O-O 9.e4 Nxc3 10.Bxc3 c5 11.dxc5 Bxc5 12.Bd3 Nc6 13.Rc1 Nd4 14.Nxd4 Bxd4 
15.O-O Bxc3 16.Qxc3 Rc8 17.Qb3 Qd4 18.Rcd1 Qc5 19.h3 Rfd8 20.Bb1 g6 21.
Rxd8+ Rxd8 22.Rd1 Rc8 23.Rd2 Qe5 24.Rc2 Rd8 25.Re2 Ba6 26.Re1 Rd2 27.Qc3 
Qf4 28.f3 Qg5 29.g4 Qf4 0-1

[Event "I Festival A"]
[Site "Cattolica ITA"]
[Date "2005.06.15"]
[Round "5"]
[White "De Zordi, Fabio"]
[Black "Raineri, Valerio"]
[Result "1-0"]
[WhiteElo "1733"]
[BlackElo "2145"]
[PlyCount "83"]
[EventDate "2005.06.11"]

1.c4 Nf6 2.g3 g6 3.Bg2 Bg7 4.Nc3 d6 5.d3 e5 6.e4 O-O 7.Nge2 Be6 8.Nd5 Ne8 
9.h3 c6 10.Ndc3 Qd7 11.g4 Na6 12.Be3 Nac7 13.O-O f5 14.f3 Nf6 15.Qd2 d5 
16.exf5 gxf5 17.Bh6 Kh8 18.Qg5 Bxh6 19.Qxh6 Ng8 20.Qe3 Qg7 21.d4 exd4 22.
Nxd4 Bd7 23.Qd3 Ne7 24.Rae1 dxc4 25.Qxc4 Ncd5 26.Qc5 Rf6 27.Nxd5 Nxd5 28.
Qc1 Rg8 29.Ne2 h5 30.Ng3 Rh6 31.Re5 hxg4 32.fxg4 f4 33.Rh5 Qd4+ 34.Kh1 
Rxh5 35.Nxh5 Bxg4 36.Nxf4 Bf5 37.Ne6 Qh4 38.Rxf5 Ne7 39.Qc3+ Kh7 40.Rf7+ 
Kh6 41.Rf6+ Rg6 42.Qe3+ 1-0

[Event "I Festival A"]
[Site "Cattolica ITA"]
[Date "2005.06.15"]
[Round "5"]
[White "Dittmar, Peter"]
[Black "Chatalbashev, Boris"]
[Result "0-1"]
[WhiteElo "2319"]
[BlackElo "2499"]
[PlyCount "94"]
[EventDate "2005.06.11"]

1.c4 e5 2.g3 Nf6 3.Bg2 d5 4.cxd5 Nxd5 5.Nf3 Nc6 6.O-O Nb6 7.d3 Be7 8.Nbd2 
O-O 9.b3 f5 10.Bb2 Bf6 11.Qc2 Be6 12.a3 a5 13.Rac1 Qd7 14.Qb1 Rae8 15.Qa1 
Bf7 16.Rfd1 Nd4 17.Nxd4 exd4 18.Bxb7 Rxe2 19.Bf3 Re7 20.a4 Rb8 21.Ba3 Re6 
22.Rc5 Re5 23.Qc1 Nd5 24.Rxa5 Nc3 25.Rxe5 Bxe5 26.Re1 Bf6 27.Qc2 g5 28.h3 
h5 29.Bc5 g4 30.Bg2 Bd5 31.Ba3 Kg7 32.Bxd5 Qxd5 33.h4 f4 34.Be7 fxg3 35.
Bxf6+ Kxf6 36.Ne4+ Kg6 37.Nxc3 gxf2+ 38.Qxf2 dxc3 39.d4 Rxb3 40.Qe3 c2 41.
Qe8+ Qf7 42.Qe4+ Kg7 43.Qxc2 Rg3+ 44.Kh2 Qf4 45.Re4 Rh3+ 46.Kg1 Qg3+ 47.
Qg2 Qxh4 0-1

[Event "I Festival A"]
[Site "Cattolica ITA"]
[Date "2005.06.15"]
[Round "5"]
[White "Fratino, Lorenzo"]
[Black "Savarese, Vincenzo"]
[Result "1-0"]
[WhiteElo "1915"]
[BlackElo "1730"]
[PlyCount "59"]
[EventDate "2005.06.11"]

1.e4 e6 2.d4 d5 3.exd5 exd5 4.Bd3 Bd6 5.Qf3 Nf6 6.h3 O-O 7.Bg5 Nbd7 8.Ne2 
Qe8 9.Nc3 c6 10.O-O-O a5 11.Nf4 Bxf4+ 12.Qxf4 a4 13.Rde1 Qd8 14.a3 b5 15.
Na2 Re8 16.Nb4 Bb7 17.Qh4 h6 18.Rxe8+ Qxe8 19.Bd2 Qf8 20.g4 g5 21.Qg3 Ne4 
22.Qc7 Qc8 23.Qh2 Ndf6 24.Be3 Qd7 25.f3 Nd6 26.h4 Qe6 27.Bd2 Kg7 28.hxg5 
hxg5 29.Qh6+ Kg8 30.Qh8# 1-0

[Event "I Festival A"]
[Site "Cattolica ITA"]
[Date "2005.06.15"]
[Round "5"]
[White "Garofalo, Sergio"]
[Black "Marini, Lucio"]
[Result "0-1"]
[WhiteElo "1903"]
[BlackElo "1527"]
[PlyCount "90"]
[EventDate "2005.06.11"]

1.d4 e6 2.Nf3 d5 3.e3 Nf6 4.Bd3 Be7 5.Nbd2 O-O 6.O-O Nbd7 7.b3 c5 8.Bb2 b6
9.Qe2 Bb7 10.Rad1 Rc8 11.c4 Rc7 12.Ne5 Qa8 13.Bb1 dxc4 14.f4 cxb3 15.axb3 
Rfc8 16.g4 Nf8 17.g5 Ne4 18.Ndf3 cxd4 19.Nxd4 Nc3 20.Bxh7+ Nxh7 21.Qh5 Bb4
22.Nxf7 Rxf7 23.g6 Nf6 24.gxf7+ Kf8 25.Nxe6+ Ke7 26.Qh3 Kxf7 27.Ng5+ Kg8 
28.Qe6+ Kh8 29.Bxc3 Bxc3 30.Qh3+ Kg8 31.Qe6+ Kh8 32.Rd6 Bd5 33.Qh3+ Kg8 
34.Rxf6 Bxf6 35.Qh7+ Kf8 36.Rd1 Bg8 37.Qh8 Ke7 38.Qh3 Qc6 39.Nf3 Qe6 40.
Qg2 Qxe3+ 41.Kf1 Rc1 42.Rxc1 Qxc1+ 43.Ne1 Qxf4+ 44.Ke2 Qe5+ 45.Kf1 Bd5 0-1

[Event "I Festival A"]
[Site "Cattolica ITA"]
[Date "2005.06.15"]
[Round "5"]
[White "Grau, Peter"]
[Black "Sautto, Alessandra"]
[Result "1-0"]
[WhiteElo "2082"]
[BlackElo "1968"]
[PlyCount "147"]
[EventDate "2005.06.11"]

1.e4 d5 2.exd5 Qxd5 3.Nc3 Qe5+ 4.Be2 c6 5.Nf3 Qc7 6.d4 Bf5 7.Bg5 e6 8.Bc4 
Be7 9.Bxe7 Nxe7 10.Qd2 Nd7 11.O-O-O O-O-O 12.Qg5 Nb6 13.Bb3 Bg6 14.Rhe1 
Nbd5 15.Nxd5 Nxd5 16.Qe5 Qxe5 17.Nxe5 Nf6 18.Rd2 Nd7 19.Nf3 Bh5 20.Ng5 h6 
21.Ne4 Bg6 22.f3 Kc7 23.Re3 Rhe8 24.f4 Bxe4 25.Rxe4 Nf6 26.Re1 Rd7 27.g3 
Red8 28.Ree2 Rxd4 29.Rxd4 Rxd4 30.f5 exf5 31.Re5 Re4 32.Rxf5 Re7 33.Kd1 
Rd7+ 34.Ke1 Nd5 35.Bxd5 cxd5 36.Kd2 Kd6 37.Kd3 Ke6 38.Rf1 Re7 39.Re1+ Kd6 
40.Rf1 f6 41.Kd2 b5 42.Rf3 Kc5 43.Rc3+ Kd6 44.Rf3 Kc5 45.Ra3 Kb6 46.Rc3 a5
47.Rc8 Re5 48.Kd3 Kb7 49.Rg8 Rg5 50.Kd4 Kc7 51.Kc5 b4 52.Ra8 d4+ 53.Kxd4 
Kd6 54.Ra6+ Ke7 55.c4 bxc3 56.bxc3 Kd7 57.c4 Rf5 58.c5 Kc7 59.Rxa5 Rf2 60.
h4 Rd2+ 61.Ke4 g5 62.h5 Rh2 63.g4 Rg2 64.Kf5 Rf2+ 65.Kg6 Rf4 66.Kxh6 Rxg4 
67.Kg6 Rh4 68.h6 g4 69.Ra4 f5 70.Rf4 g3 71.Rxh4 g2 72.h7 g1=Q+ 73.Kf7 Qxc5
74.h8=Q 1-0

[Event "I Festival A"]
[Site "Cattolica ITA"]
[Date "2005.06.15"]
[Round "5"]
[White "Isonzo, David"]
[Black "Friedrich, Norbert"]
[Result "1-0"]
[WhiteElo "2325"]
[BlackElo "2303"]
[PlyCount "79"]
[EventDate "2005.06.11"]

1.e4 c5 2.Nf3 e6 3.d3 Nc6 4.g3 Nge7 5.Bg2 g6 6.c3 Bg7 7.h4 h6 8.Be3 b6 9.
d4 d6 10.O-O Bb7 11.Re1 Qd7 12.Na3 Rd8 13.Qd2 Nb8 14.Nh2 Kf8 15.Rad1 Kg8 
16.Ng4 cxd4 17.cxd4 h5 18.Nh2 d5 19.e5 Nf5 20.Bg5 Rc8 21.Nc2 Nc6 22.Nf3 
Ba6 23.Ne3 Nce7 24.Nxf5 Nxf5 25.Bh3 Nh6 26.Bf4 Bf8 27.Rc1 Nf5 28.Rxc8 Qxc8
29.Bxf5 gxf5 30.Rc1 Qd7 31.Bg5 Bg7 32.Bf6 Rh6 33.Bg5 Rh8 34.Qb4 Kh7 35.Bf6
Bf8 36.Qc3 Rg8 37.Ng5+ Kg6 38.Qc7 Qxc7 39.Rxc7 Bh6 40.Nxf7 1-0

[Event "I Festival A"]
[Site "Cattolica ITA"]
[Date "2005.06.15"]
[Round "5"]
[White "Lazarev, Vladimir"]
[Black "Okhotnik, Vladimir"]
[Result "1/2-1/2"]
[WhiteElo "2507"]
[BlackElo "2417"]
[PlyCount "122"]
[EventDate "2005.06.11"]

1.d4 Nf6 2.c4 g6 3.Nc3 d5 4.Bf4 Bg7 5.e3 O-O 6.Rc1 c6 7.Nf3 Bg4 8.cxd5 
Nxd5 9.Bg3 Nxc3 10.bxc3 e5 11.Be2 exd4 12.cxd4 Qa5+ 13.Qd2 Qxd2+ 14.Nxd2 
Bxe2 15.Kxe2 Nd7 16.Rc2 Rfe8 17.Rb1 Nb6 18.Nb3 Rad8 19.Nc5 Rxd4 20.Nxb7 
Ra4 21.Nc5 Ra3 22.Rb3 Rxb3 23.axb3 Nd5 24.Na4 f5 25.Kf3 g5 26.h3 h5 27.Rc4
Kh7 28.Bh2 Rc8 29.g4 fxg4+ 30.hxg4 h4 31.Nc5 Rf8+ 32.Kg2 Re8 33.Ne4 Bf6 
34.Kf3 Re6 35.Ra4 Re7 36.Ra6 Rb7 37.Rxc6 Kg7 38.Kg2 Re7 39.Nd6 Rd7 40.Nf5+
Kf7 41.Nd6+ Ke7 42.Ra6 Nb6 43.Nb5 Nc8 44.Rc6 Rb7 45.Nc7 Nb6 46.b4 Nd7 47.
b5 Kf7 48.f4 Be7 49.fxg5 Bxg5 50.Ne6 Rxb5 51.Nxg5+ Rxg5 52.Kh3 Nf6 53.Bf4 
Ra5 54.g5 Ng8 55.Kxh4 Ra1 56.g6+ Ke7 57.Kg5 Ra5+ 58.Kg4 Nf6+ 59.Kf3 Ne8 
60.e4 Kd7 61.g7 Ra3+ 1/2-1/2

[Event "I Festival A"]
[Site "Cattolica ITA"]
[Date "2005.06.15"]
[Round "5"]
[White "Leali, Claudio"]
[Black "Baldelli, Alex"]
[Result "1/2-1/2"]
[WhiteElo "1702"]
[BlackElo "1901"]
[PlyCount "63"]
[EventDate "2005.06.11"]

1.e4 c5 2.Nc3 e6 3.g3 g6 4.Bg2 Bg7 5.Nge2 Ne7 6.O-O Nbc6 7.d3 O-O 8.Be3 b6
9.f4 d5 10.d4 Ba6 11.Re1 Rc8 12.Bf2 cxd4 13.Nxd4 dxe4 14.Nxc6 Nxc6 15.Bxe4
Qc7 16.Re3 Rfd8 17.Qe1 Nd4 18.Rc1 Bb7 19.Rd3 Ba6 20.Re3 f5 21.Bg2 Bb7 22.
Rd3 Bxg2 23.Bxd4 Bxd4+ 24.Kxg2 Qc6+ 25.Kh3 h6 26.Rcd1 Bf6 27.Rxd8+ Bxd8 
28.Qe3 g5 29.fxg5 Bxg5 30.Qe2 Bf6 31.Nb5 Qe8 32.Nd6 1/2-1/2

[Event "I Festival A"]
[Site "Cattolica ITA"]
[Date "2005.06.15"]
[Round "5"]
[White "Lucchi, Lorenzo"]
[Black "Russo, Carmelo"]
[Result "1-0"]
[WhiteElo "1870"]
[BlackElo "1763"]
[PlyCount "91"]
[EventDate "2005.06.11"]

1.e4 c5 2.Nf3 d6 3.d4 Nf6 4.Nc3 cxd4 5.Nxd4 g6 6.f3 Bg7 7.Be3 O-O 8.Bc4 
Bd7 9.Qd2 Nc6 10.Nxc6 bxc6 11.Bh6 Qb6 12.Bxg7 Kxg7 13.f4 Rab8 14.Bb3 Ng4 
15.h3 Qe3+ 16.Qxe3 Nxe3 17.Kf2 Nxg2 18.Kxg2 d5 19.exd5 cxd5 20.Bxd5 Rxb2 
21.Bb3 Bc6+ 22.Kf2 Bxh1 23.Rxh1 Rc8 24.Nd5 e6 25.Ne3 a5 26.a4 Rc6 27.Ke2 
f5 28.Nc4 Rxc4 29.Bxc4 Rxc2+ 30.Kd3 Rf2 31.Ke3 Rb2 32.Bxe6 Rb4 33.Bd7 Kf6 
34.Rd1 Rb3+ 35.Rd3 Rb4 36.Bb5 Kg7 37.h4 Re4+ 38.Kf3 Re1 39.Rd7+ Kh6 40.Ra7
Rg1 41.Bc4 Rg4 42.Bg8 g5 43.hxg5+ Kg6 44.Bxh7+ Kh5 45.Bxf5 Rg3+ 46.Ke4 1-0

[Event "I Festival A"]
[Site "Cattolica ITA"]
[Date "2005.06.15"]
[Round "5"]
[White "Magalotti, Andrea"]
[Black "Di Majo, Carlo"]
[Result "1/2-1/2"]
[WhiteElo "2169"]
[BlackElo "1982"]
[PlyCount "119"]
[EventDate "2005.06.11"]

1.Nf3 Nf6 2.c4 e6 3.b3 Be7 4.Bb2 b6 5.g3 Bb7 6.Bg2 d6 7.O-O O-O 8.d4 Nbd7 
9.Nc3 Ne4 10.Qc2 Nxc3 11.Qxc3 Bf6 12.Rfd1 Qe7 13.Qe1 a5 14.a3 Ra7 15.Rac1 
Re8 16.Qd2 e5 17.e3 g6 18.b4 e4 19.Ne1 axb4 20.axb4 Bg7 21.Ra1 Rea8 22.Nc2
Rxa1 23.Rxa1 Rxa1+ 24.Nxa1 Qe8 25.Qc2 Qa8 26.Qb3 d5 27.Bf1 Nf6 28.c5 Bc8 
29.Nc2 Bd7 30.b5 Bg4 31.Nb4 Bf8 32.Na6 Qc8 33.Ba3 Bh3 34.Be2 Qf5 35.Qd1 
Ng4 36.Qe1 bxc5 37.Bxc5 Bxc5 38.Nxc5 h5 39.Bf1 Nf6 40.Na6 Bxf1 41.Qxf1 Qd7
42.Nb4 h4 43.Nc6 Kg7 44.Ne5 Qf5 45.h3 Nd7 46.g4 Qe6 47.Nxd7 Qxd7 48.Qb1 
Qd6 49.Qb3 f5 50.gxf5 gxf5 51.Qc3 f4 52.Qc5 Qg6+ 53.Kf1 Qf7 54.exf4 Qxf4 
55.Qxd5 Qf3 56.Qg5+ Kf7 57.Qe3 Qh1+ 58.Ke2 Qb1 59.Qf4+ Ke8 60.Qxc7 1/2-1/2

[Event "I Festival A"]
[Site "Cattolica ITA"]
[Date "2005.06.15"]
[Round "5"]
[White "Manconi, Antonio"]
[Black "De Rosa, Mariagrazia"]
[Result "0-1"]
[WhiteElo "1972"]
[BlackElo "2081"]
[PlyCount "72"]
[EventDate "2005.06.11"]

1.e4 c5 2.Nf3 d6 3.d4 cxd4 4.Nxd4 Nf6 5.Nc3 a6 6.Bc4 e6 7.Bb3 Nbd7 8.f4 
Nc5 9.Qf3 Be7 10.Be3 O-O 11.O-O Qc7 12.g4 b5 13.g5 Nfxe4 14.Nxe4 Bb7 15.
Nxc5 Bxf3 16.Ncxe6 Qb7 17.Rxf3 fxe6 18.Raf1 d5 19.Nxe6 Rf5 20.Nd4 Rf7 21.
f5 Bc5 22.f6 Re8 23.Nf5 Bxe3+ 24.Nxe3 Qb6 25.Bxd5 Rxe3 26.Kh1 Rxf3 27.Rxf3
g6 28.Rc3 h5 29.gxh6 Qxf6 30.Bxf7+ Qxf7 31.Kg2 Kh7 32.a3 Kxh6 33.Kg3 Qa2 
34.Rb3 Qb1 35.c3 Qd3+ 36.Kg4 Qc4+ 0-1

[Event "I Festival A"]
[Site "Cattolica ITA"]
[Date "2005.06.15"]
[Round "5"]
[White "Napoli, Nicolo'"]
[Black "Fronzi, Ettore"]
[Result "1-0"]
[WhiteElo "2205"]
[BlackElo "1790"]
[PlyCount "43"]
[EventDate "2005.06.11"]

1.d4 d5 2.Nf3 c6 3.g3 g6 4.Bg2 Bg7 5.O-O Nf6 6.Bg5 Ne4 7.Bf4 Qb6 8.Qc1 c5 
9.c3 cxd4 10.cxd4 Nc6 11.Nc3 Nxc3 12.bxc3 O-O 13.Nd2 e6 14.e4 Rd8 15.Re1 
Bf6 16.exd5 exd5 17.Bxd5 g5 18.Ne4 Nxd4 19.Nxf6+ Qxf6 20.Bxg5 Nf3+ 21.Bxf3
Qxf3 22.Bxd8 1-0

[Event "I Festival A"]
[Site "Cattolica ITA"]
[Date "2005.06.15"]
[Round "5"]
[White "Orfei, Rolando"]
[Black "Calza, Gabriele"]
[Result "1-0"]
[WhiteElo "1943"]
[BlackElo "1790"]
[PlyCount "81"]
[EventDate "2005.06.11"]

1.b3 e5 2.Bb2 Nc6 3.e3 d5 4.Bb5 Bd6 5.Nf3 Qe7 6.Qe2 Nf6 7.d4 Bg4 8.Bxc6+ 
bxc6 9.Qa6 O-O 10.dxe5 Bb4+ 11.c3 Bxf3 12.exf6 Qxf6 13.gxf3 Qxf3 14.Rg1 
Bc5 15.Qe2 Qh3 16.Qg4 Qxg4 17.Rxg4 f5 18.Rg2 f4 19.Ba3 Bxa3 20.Nxa3 fxe3 
21.fxe3 Rf3 22.Ke2 Raf8 23.Rag1 g6 24.Nc2 c5 25.Ne1 Rh3 26.Nd3 Re8 27.Nf4 
Rhxe3+ 28.Kd2 Rf3 29.Re2 Rd8 30.Ne6 Rd6 31.Ng5 Rf5 32.Rgg2 d4 33.cxd4 
Rxd4+ 34.Kc2 c4 35.Re8+ Kg7 36.Ne6+ Kf7 37.Nxd4 cxb3+ 38.Kxb3 Rd5 39.Re4 
c5 40.Rf2+ Kg8 41.Re8+ 1-0

[Event "I Festival A"]
[Site "Cattolica ITA"]
[Date "2005.06.15"]
[Round "5"]
[White "Orsi, Lorenzo"]
[Black "Pivotto, Carlo"]
[Result "0-1"]
[WhiteElo "1700"]
[BlackElo "1802"]
[PlyCount "48"]
[EventDate "2005.06.11"]

1.e4 d6 2.d4 Nf6 3.Nc3 e5 4.Nge2 Nbd7 5.h3 Be7 6.g4 h6 7.Bg2 c6 8.a4 Qc7 
9.O-O g5 10.Be3 Nf8 11.Ng3 Ng6 12.Nf5 Bxf5 13.exf5 Nf4 14.Bxf4 gxf4 15.Re1
O-O-O 16.b4 Rhg8 17.b5 h5 18.bxc6 bxc6 19.Rb1 hxg4 20.hxg4 Rxg4 21.Qe2 
Rdg8 22.Qa6+ Kd8 23.dxe5 Rxg2+ 24.Kh1 f3 0-1

[Event "I Festival A"]
[Site "Cattolica ITA"]
[Date "2005.06.15"]
[Round "5"]
[White "Radovanovic, Jovica"]
[Black "Nardi, Marco"]
[Result "1-0"]
[WhiteElo "2340"]
[BlackElo "2017"]
[PlyCount "69"]
[EventDate "2005.06.11"]

1.e4 c5 2.Nf3 Nc6 3.Bb5 e6 4.O-O Nge7 5.c3 a6 6.Be2 Ng6 7.d4 cxd4 8.cxd4 
d5 9.e5 Be7 10.Nc3 O-O 11.Bd3 Bd7 12.Re1 Rc8 13.a3 Na5 14.g3 Re8 15.h4 Qb6
16.h5 Nf8 17.h6 g6 18.Rb1 Nc4 19.Bxc4 Rxc4 20.Be3 Rec8 21.Qd2 f6 22.exf6 
Bxf6 23.Rbd1 Be8 24.Bg5 Bh8 25.Bf4 Ba4 26.Nxa4 Rxa4 27.Be5 Bxe5 28.Nxe5 
Qd8 29.Qf4 Qe7 30.Rc1 Rd8 31.Rc3 g5 32.Qg4 Ng6 33.Nxg6 hxg6 34.Rxe6 Qf7 
35.Rf3 1-0